000
00249nam a22001097a 4500
008
170118b xxu||||| |||| 00| 0 eng d
020
_a
2900323031287
041
_a
eng
080
_2
6TH
_a
618.2
245
_a
HEALTH PROMOTION
_c
EDELMAN
942
_2
udc
_c
BK
999
_c
3111
_d
3111